[Event "ESP-chT 2nd Division 2019"]
[Site "Linares"]
[Date "2019.08.20"]
[Round "3.27"]
[White "Sosa, Tomas"]
[Black "Carrasco Martinez, Juan M."]
[Result "1/2-1/2"]
[WhiteElo "2508"]
[BlackElo "2374"]
[Annotator "ChessBase"]
[PlyCount "95"]
[EventDate "2019.08.19"]
[EventType "team-tourn"]
[EventCountry "ESP"]
[SourceTitle "playchess.com"]
[Source "ChessBase"]
[SourceQuality "1"]
[TimeControl "5400+30"]

1. e4 {[%emt 0:00:00]} e6 {[%emt 0:00:00]} 2. d4 {[%emt 0:00:00]} d5 {[%emt 0:00:00]} 3. Nd2 {[%emt 0:00:00]} a6 {[%emt 0:00:14]} 4. Ngf3 {[%emt 0:00:03]} c5 {[%emt 0:00:12]} 5. c3 {[%emt 0:02:07]} Nc6 {[%emt 0:00:47]} 6. Bd3 {[%emt 0:02:30]} cxd4 {[%emt 0:01:44]} 7. cxd4 {[%emt 0:00:14]} dxe4 {[%emt 0:00:07]} 8. Nxe4 {[%emt 0:00:12]} Be7 {[%emt 0:02:49]} 9. O-O {[%emt 0:01:39]} Nf6 {[%emt 0:00:20]} 10. a3 {[%emt 0:03:02]} O-O {[%emt 0:03:33]} 11. Ng3 {[%emt 0:03:20]} b5 {[%emt 0:04:41]} 12. Bc2 {[%emt 0:00:34]} Bb7 {[%emt 0:04:32]} 13. Qd3 {[%emt 0:00:11]} Re8 {[%emt 0:10:27]} 14. Re1 {[%emt 0:01:24]} Rc8 {[%emt 0:02:03]} 15. Bg5 {[%emt 0:07:58]} g6 {[%emt 0:00:50]} 16. Rad1 {[%emt 0:00:23]} Nd5 {[%emt 0:03:43]} 17. Bxe7 {[%emt 0:02:31]} Qxe7 {[%emt 0:01:53]} 18. Bb1 {[%emt 0:02:05]} Na5 {[%emt 0:05:14]} 19. Ne5 {[%emt 0:27:45]} Nc4 {[%emt 0:03:32]} 20. Qb3 {[%emt 0:00:12]} Nf6 {[%emt 0:05:45]} 21. Ne2 {[%emt 0:02:45]} Bd5 {[%emt 0:03:21]} 22. Nf4 {[%emt 0:03:05]} Nxe5 {[%emt 0:00:53]} 23. Nxd5 {[%emt 0:00:21]} Nxd5 {[%emt 0:00:05]} 24. dxe5 {[%emt 0:00:20]} Red8 {[%emt 0:02:05]} 25. g3 {[%emt 0:01:54]} Nb6 {[%emt 0:00:55]} 26. h4 {[%emt 0:03:58]} Rxd1 {[%emt 0:03:07]} 27. Qxd1 {[%emt 0:01:01]} h5 {[%emt 0:02:59]} 28. Qd4 {[%emt 0:04:32]} Qd8 {[%emt 0:04:13]} 29. Qf4 {[%emt 0:04:22]} Kg7 {[%emt 0:02:39]} 30. Kh2 {[%emt 0:01:58]} Rc4 {[%emt 0:00:38]} 31. Qf3 {[%emt 0:00:28]} Rd4 {[%emt 0:00:26]} 32. b3 {[%emt 0:03:09]} Rd2 {[%emt 0:02:17]} 33. Kg2 {[%emt 0:02:51]} Nd5 {[%emt 0:06:15]} 34. Be4 {[%emt 0:00:25]} Qe7 {[%emt 0:01:28]} 35. Rc1 {[%emt 0:01:43]} Qxa3 {[%emt 0:01:29]} 36. Rc6 {[%emt 0:00:26]} Qe7 {[%emt 0:01:44]} 37. Rxa6 {[%emt 0:00:15]} Qc5 {[%emt 0:03:59]} 38. Bxd5 {[%emt 0:17:00]} Qxd5 {[%emt 0:00:06]} 39. Rd6 {[%emt 0:00:16]} Qxf3+ {[%emt 0:01:28]} 40. Kxf3 {[%emt 0:00:06]} Rb2 {[%emt 0:00:34]} 41. Rd3 {[%emt 0:00:03]} g5 {[%emt 0:01:08]} 42. hxg5 {[%emt 0:00:24]} Kg6 {[%emt 0:00:04]} 43. Rd7 {[%emt 0:02:59]} Rxb3+ {[%emt 0:00:41]} 44. Ke4 {[%emt 0:00:12]} b4 {[%emt 0:02:14]} 45. Rb7 {[%emt 0:00:02]} Rb1 {[%emt 0:01:34]} 46. Kf4 {[%emt 0:00:19]} b3 {[%emt 0:00:46]} 47. f3 {[%emt 0:00:28]} b2 {[%emt 0:04:06]} 48. Ke4 1/2-1/2

[Event "ESP-chT 2nd Division 2019"]
[Site "Linares"]
[Date "2019.08.20"]
[Round "3.28"]
[White "Figuero Toro, Julian Francisco"]
[Black "Garriga Cazorla, Pere"]
[Result "0-1"]
[WhiteElo "2268"]
[BlackElo "2495"]
[Annotator "ChessBase"]
[PlyCount "68"]
[EventDate "2019.08.19"]
[EventType "team-tourn"]
[EventCountry "ESP"]
[SourceTitle "playchess.com"]
[Source "ChessBase"]
[SourceQuality "1"]
[TimeControl "5400+30"]

1. d4 {[%emt 0:00:00]} Nf6 {[%emt 0:00:00]} 2. Bf4 {[%emt 0:00:00]} c5 {[%emt 0:01:01]} 3. e3 {[%emt 0:00:29]} Nd5 {[%emt 0:02:30]} 4. Bg3 {[%emt 0:11:22]} Qb6 {[%emt 0:00:46]} 5. b3 {[%emt 0:17:08]} e6 {[%emt 0:09:16]} 6. c3 {[%emt 0:00:29]} Qa5 {[%emt 0:03:57]} 7. Qd2 {[%emt 0:10:57]} Nf6 {[%emt 0:01:26]} 8. Bd3 {[%emt 0:02:36]} d5 {[%emt 0:00:53]} 9. Qc2 {[%emt 0:03:48]} Nc6 {[%emt 0:03:02]} 10. Nf3 {[%emt 0:00:33]} Nh5 {[%emt 0:00:54]} 11. Be5 {[%emt 0:07:01]} cxd4 {[%emt 0:01:06]} 12. g4 {[%emt 0:02:40]} Nf6 {[%emt 0:02:22]} 13. Bxf6 {[%emt 0:03:45]} gxf6 {[%emt 0:00:10]} 14. exd4 {[%emt 0:00:05]} h5 {[%emt 0:00:22]} 15. gxh5 {[%emt 0:02:27]} e5 {[%emt 0:00:43]} 16. Be2 {[%emt 0:23:32]} e4 {[%emt 0:01:51]} 17. Nfd2 {[%emt 0:00:09]} Be6 {[%emt 0:00:15]} 18. b4 {[%emt 0:01:15]} Qc7 {[%emt 0:00:17]} 19. Na3 {[%emt 0:02:15]} Bh6 {[%emt 0:01:51]} 20. b5 {[%emt 0:01:53]} Ne7 {[%emt 0:00:46]} 21. b6 {[%emt 0:00:15]} axb6 {[%emt 0:00:18]} 22. Nb5 {[%emt 0:00:15]} Qf4 {[%emt 0:00:19]} 23. O-O-O {[%emt 0:01:50]} O-O {[%emt 0:00:21]} 24. Kb2 {[%emt 0:01:35]} Qxf2 {[%emt 0:02:05]} 25. Rde1 {[%emt 0:00:55]} f5 {[%emt 0:01:05]} 26. Qd1 {[%emt 0:02:08]} Kh8 {[%emt 0:01:03]} 27. Ref1 {[%emt 0:01:42]} Qe3 {[%emt 0:01:05]} 28. Nb3 {[%emt 0:00:17]} Rac8 {[%emt 0:00:34]} 29. Rhg1 {[%emt 0:00:28]} Rg8 {[%emt 0:00:21]} 30. Re1 {[%emt 0:00:36]} Qh3 {[%emt 0:01:23]} 31. Nc1 {[%emt 0:01:23]} Bd7 {[%emt 0:00:32]} 32. Qb3 {[%emt 0:00:12]} Rxg1 {[%emt 0:00:24]} 33. Rxg1 {[%emt 0:00:02]} Qxh2 {[%emt 0:00:08]} 34. Rf1 {[%emt 0:02:10]} Bxc1+ {[%emt 0:00:09]} 0-1

[Event "ESP-chT 2nd Division 2019"]
[Site "Linares"]
[Date "2019.08.20"]
[Round "3.29"]
[White "Fernandez Diaz, Cristian"]
[Black "Gonzalez Cano, Juan Jose"]
[Result "1-0"]
[WhiteElo "2303"]
[BlackElo "2019"]
[Annotator "NA"]
[PlyCount "81"]
[EventDate "2019.08.19"]
[EventType "team-tourn"]
[EventCountry "ESP"]
[SourceTitle "playchess.com"]
[Source "ChessBase"]
[SourceQuality "1"]
[TimeControl "5400+30"]

1. d4 {[%emt 0:00:00]} Nf6 {[%emt 0:00:00]} 2. c4 {[%emt 0:00:08]} e6 {[%emt 0:00:00]} 3. Nc3 {[%emt 0:00:06]} Bb4 {[%emt 0:00:00]} 4. Qc2 {[%emt 0:00:06]} O-O {[%emt 0:00:10]} 5. e4 {[%emt 0:01:24]} d5 {[%emt 0:00:57]} 6. e5 {[%emt 0:00:08]} Ne4 {[%emt 0:00:05]} 7. Bd3 {[%emt 0:00:05]} c5 {[%emt 0:01:02]} 8. Nf3 {[%emt 0:00:06]} cxd4 {[%emt 0:01:03]} 9. Nxd4 {[%emt 0:00:08]} Nd7 {[%emt 0:01:14]} 10. Bf4 {[%emt 0:00:08]} Qh4 {[%emt 0:01:35]} 11. g3 {[%emt 0:10:03]} Qh5 {[%emt 0:01:40]} 12. Be2 {[%emt 0:15:03]} Qg6 {[%emt 0:03:28]} 13. Qb3 {[%emt 0:03:29]} Bxc3+ {[%emt 0:36:57]} 14. bxc3 {[%emt 0:01:17]} Nec5 {[%emt 0:00:26]} 15. Qb1 {[%emt 0:08:24]} Qxb1+ {[%emt 0:05:32]} 16. Rxb1 {[%emt 0:00:01]} dxc4 {[%emt 0:00:08]} 17. Bxc4 {[%emt 0:00:06]} Nb6 {[%emt 0:00:14]} 18. Be2 {[%emt 0:00:54]} Nd5 {[%emt 0:01:54]} 19. Bd2 {[%emt 0:00:20]} Rd8 {[%emt 0:20:02]} 20. c4 {[%emt 0:05:14]} Nb6 {[%emt 0:02:48]} 21. Be3 {[%emt 0:00:16]} Bd7 {[%emt 0:03:19]} 22. O-O {[%emt 0:04:34]} Rac8 {[%emt 0:01:40]} 23. Rfc1 {[%emt 0:04:54]} Rc7 {[%emt 0:08:29]} 24. Nb3 {[%emt 0:03:33]} Nca4 {[%emt 0:01:37]} 25. Na5 {[%emt 0:02:57]} Bc8 {[%emt 0:05:07]} 26. Rb5 {[%emt 0:05:29]} Bd7 {[%emt 0:01:45]} 27. Rb4 {[%emt 0:00:13]} Rdc8 {[%emt 0:00:32]} 28. Rbb1 {[%emt 0:04:18]} f6 {[%emt 0:01:20]} 29. exf6 {[%emt 0:01:31]} gxf6 {[%emt 0:00:02]} 30. Bf3 {[%emt 0:00:20]} Bc6 {[%emt 0:00:58]} 31. Nxc6 {[%emt 0:01:52]} bxc6 {[%emt 0:00:06]} 32. c5 {[%emt 0:00:14]} Nd5 {[%emt 0:00:16]} 33. Bd2 {[%emt 0:00:06]} Rd7 {[%emt 0:01:14]} 34. Rc4 {[%emt 0:00:26]} Ndb6 {[%emt 0:00:36]} 35. cxb6 {[%emt 0:00:14]} Nxb6 {[%emt 0:00:11]} 36. Rc2 {[%emt 0:00:08]} c5 {[%emt 0:00:14]} 37. Be3 {[%emt 0:00:35]} Rdc7 {[%emt 0:00:21]} 38. Rb5 {[%emt 0:02:30]} Nd7 {[%emt 0:00:25]} 39. Bf4 {[%emt 0:00:41]} e5 {[%emt 0:00:20]} 40. Bd2 {[%emt 0:00:16]} Kf7 {[%emt 0:00:20]} 41. Ba5 1-0

[Event "ESP-chT 2nd Division 2019"]
[Site "Linares"]
[Date "2019.08.20"]
[Round "3.30"]
[White "Guillo Longares, Cecilia"]
[Black "Marti Puig, Patricia"]
[Result "1-0"]
[WhiteElo "1916"]
[BlackElo "1683"]
[Annotator "NA"]
[PlyCount "63"]
[EventDate "2019.08.19"]
[EventType "team-tourn"]
[EventCountry "ESP"]
[SourceTitle "playchess.com"]
[Source "ChessBase"]
[SourceQuality "1"]
[TimeControl "5400+30"]

1. d4 {[%emt 0:00:00]} e6 {[%emt 0:00:00]} 2. c4 {[%emt 0:00:00]} d5 {[%emt 0:00:28]} 3. Nc3 {[%emt 0:00:00]} Nf6 {[%emt 0:00:27]} 4. cxd5 {[%emt 0:00:00]} exd5 {[%emt 0:00:40]} 5. Bg5 {[%emt 0:00:00]} Be7 {[%emt 0:03:28]} 6. e3 {[%emt 0:00:14]} Nbd7 {[%emt 0:11:14]} 7. Bd3 {[%emt 0:00:25]} h6 {[%emt 0:01:21]} 8. Bh4 {[%emt 0:00:23]} b6 {[%emt 0:08:58]} 9. Nf3 {[%emt 0:03:27]} O-O {[%emt 0:01:01]} 10. O-O {[%emt 0:00:29]} Bb7 {[%emt 0:02:08]} 11. Rc1 {[%emt 0:01:38]} Ne4 {[%emt 0:09:48]} 12. Bxe7 {[%emt 0:02:21]} Qxe7 {[%emt 0:00:07]} 13. Bb1 {[%emt 0:01:21]} Rac8 {[%emt 0:08:45]} 14. Qd3 {[%emt 0:03:18]} c5 {[%emt 0:06:58]} 15. dxc5 {[%emt 0:12:08]} Ndxc5 {[%emt 0:03:05]} 16. Qc2 {[%emt 0:03:37]} Rfd8 {[%emt 0:06:01]} 17. Rfd1 {[%emt 0:03:15]} Qe6 {[%emt 0:11:20]} 18. Nd4 {[%emt 0:03:10]} Qe5 {[%emt 0:04:25]} 19. a3 {[%emt 0:05:21]} g6 {[%emt 0:01:55]} 20. Qe2 {[%emt 0:07:58]} Nxc3 {[%emt 0:01:54]} 21. Rxc3 {[%emt 0:00:52]} Ne4 {[%emt 0:00:30]} 22. Rxc8 {[%emt 0:00:59]} Rxc8 {[%emt 0:00:14]} 23. Ba2 {[%emt 0:02:32]} h5 {[%emt 0:01:47]} 24. h3 {[%emt 0:08:26]} Kg7 25. Nf3 Qf5 {[%emt 0:02:44]} 26. Qd3 {[%emt 0:03:22]} Rc5 {[%emt 0:00:40]} 27. Qe2 {[%emt 0:07:49]} Qc8 {[%emt 0:01:21]} 28. Ne1 {[%emt 0:09:03]} Rc1 {[%emt 0:04:45]} 29. Bxd5 {[%emt 0:00:11]} Rxd1 {[%emt 0:00:12]} 30. Qxd1 Qd8 31. Qd4+ {[%emt 0:01:01]} Kh6 {[%emt 0:04:22]} 32. Bxb7 {[%emt 0:00:45]} 1-0

[Event "ESP-chT 2nd Division 2019"]
[Site "Linares"]
[Date "2019.08.20"]
[Round "3.31"]
[White "Perez Perez, Gabriel"]
[Black "Portela Peleteiro, Alberto"]
[Result "0-1"]
[WhiteElo "2105"]
[BlackElo "2375"]
[Annotator "NA"]
[PlyCount "80"]
[EventDate "2019.08.19"]
[EventType "team-tourn"]
[EventCountry "ESP"]
[SourceTitle "playchess.com"]
[Source "ChessBase"]
[SourceQuality "1"]
[TimeControl "5400+30"]

1. e4 {[%emt 0:00:00]} d6 {[%emt 0:00:47]} 2. d4 {[%emt 0:00:01]} Nf6 {[%emt 0:00:05]} 3. Nc3 {[%emt 0:00:06]} e5 {[%emt 0:00:06]} 4. dxe5 {[%emt 0:00:36]} dxe5 {[%emt 0:00:05]} 5. Qxd8+ {[%emt 0:00:11]} Kxd8 {[%emt 0:00:05]} 6. Bg5 {[%emt 0:01:53]} Be6 {[%emt 0:07:46]} 7. g3 {[%emt 0:03:35]} Bb4 {[%emt 0:08:03]} 8. O-O-O+ {[%emt 0:12:00]} Ke8 {[%emt 0:11:06]} 9. Bxf6 {[%emt 0:03:51]} gxf6 {[%emt 0:00:12]} 10. Nd5 {[%emt 0:00:26]} Bxd5 {[%emt 0:00:26]} 11. exd5 {[%emt 0:04:36]} Nd7 {[%emt 0:00:38]} 12. Bg2 {[%emt 0:16:02]} Bc5 {[%emt 0:10:51]} 13. Rd2 {[%emt 0:09:14]} Nf8 {[%emt 0:06:43]} 14. Be4 {[%emt 0:06:15]} Ng6 {[%emt 0:01:47]} 15. Nf3 {[%emt 0:00:40]} h5 {[%emt 0:06:45]} 16. Rhd1 {[%emt 0:03:02]} Kf8 {[%emt 0:02:32]} 17. Re2 {[%emt 0:03:17]} Kg7 {[%emt 0:03:13]} 18. c3 {[%emt 0:11:24]} a5 {[%emt 0:01:36]} 19. a4 {[%emt 0:05:58]} Rad8 {[%emt 0:05:10]} 20. Kc2 {[%emt 0:02:48]} h4 {[%emt 0:11:43]} 21. Bxg6 {[%emt 0:01:33]} fxg6 {[%emt 0:00:10]} 22. Nxh4 {[%emt 0:00:14]} g5 {[%emt 0:00:28]} 23. Nf3 {[%emt 0:00:19]} Rh3 {[%emt 0:00:04]} 24. Red2 {[%emt 0:05:04]} g4 {[%emt 0:02:46]} 25. Nh4 {[%emt 0:00:09]} Rxh2 {[%emt 0:00:32]} 26. f3 {[%emt 0:00:37]} Rxd2+ {[%emt 0:00:40]} 27. Rxd2 {[%emt 0:00:01]} gxf3 {[%emt 0:00:41]} 28. Nxf3 {[%emt 0:00:16]} Kg6 {[%emt 0:01:29]} 29. c4 {[%emt 0:02:25]} Kf5 {[%emt 0:02:25]} 30. Rh2 {[%emt 0:05:50]} Kg4 {[%emt 0:08:29]} 31. Nd2 {[%emt 0:00:09]} Kxg3 {[%emt 0:02:15]} 32. Rh7 {[%emt 0:01:08]} f5 {[%emt 0:00:06]} 33. Rxc7 {[%emt 0:00:14]} b6 {[%emt 0:00:03]} 34. Kd3 {[%emt 0:00:41]} e4+ {[%emt 0:01:37]} 35. Ke2 {[%emt 0:00:02]} Rh8 {[%emt 0:00:36]} 36. Nf1+ Kf4 {[%emt 0:00:04]} 37. Rc6 {[%emt 0:03:19]} Rg8 {[%emt 0:01:51]} 38. b3 {[%emt 0:00:30]} Rg2+ {[%emt 0:00:10]} 39. Kd1 {[%emt 0:00:32]} e3 {[%emt 0:01:20]} 40. Re6 {[%emt 0:00:10]} Rf2 {[%emt 0:00:03]} 0-1

[Event "ESP-chT 2nd Division 2019"]
[Site "Linares"]
[Date "2019.08.20"]
[Round "3.32"]
[White "Veiga, Jose Francisco R P N"]
[Black "Rodriguez Redondo, Adhara"]
[Result "1-0"]
[WhiteElo "2346"]
[BlackElo "2013"]
[Annotator "NA"]
[PlyCount "59"]
[EventDate "2019.08.19"]
[EventType "team-tourn"]
[EventCountry "ESP"]
[SourceTitle "playchess.com"]
[Source "ChessBase"]
[SourceQuality "1"]
[TimeControl "5400+30"]

1. Nf3 {[%emt 0:00:24]} d5 {[%emt 0:00:00]} 2. c4 {[%emt 0:00:16]} e6 {[%emt 0:00:00]} 3. g3 {[%emt 0:00:20]} Nf6 {[%emt 0:00:00]} 4. Bg2 {[%emt 0:00:11]} Be7 {[%emt 0:00:37]} 5. O-O {[%emt 0:00:29]} O-O {[%emt 0:00:16]} 6. b3 {[%emt 0:00:49]} b6 {[%emt 0:07:28]} 7. Bb2 {[%emt 0:01:17]} Bb7 {[%emt 0:00:54]} 8. e3 {[%emt 0:04:06]} Nbd7 {[%emt 0:03:21]} 9. Nc3 {[%emt 0:01:21]} Nc5 {[%emt 0:05:49]} 10. d4 {[%emt 0:02:15]} Nce4 {[%emt 0:03:42]} 11. Ne2 {[%emt 0:05:07]} c5 {[%emt 0:06:17]} 12. cxd5 {[%emt 0:04:04]} Bxd5 {[%emt 0:01:19]} 13. Ne5 {[%emt 0:04:17]} cxd4 {[%emt 0:07:19]} 14. Nxd4 {[%emt 0:01:02]} Rc8 {[%emt 0:03:44]} 15. f3 {[%emt 0:04:46]} Nc5 {[%emt 0:03:22]} 16. e4 {[%emt 0:01:58]} Bb7 {[%emt 0:00:17]} 17. Rc1 {[%emt 0:01:47]} Qd6 {[%emt 0:05:12]} 18. Nc4 {[%emt 0:05:49]} Qb8 {[%emt 0:03:26]} 19. b4 {[%emt 0:05:54]} Ncd7 {[%emt 0:03:51]} 20. Qb3 {[%emt 0:01:23]} b5 {[%emt 0:05:09]} 21. Na5 {[%emt 0:01:07]} e5 {[%emt 0:04:24]} 22. Ndc6 {[%emt 0:02:53]} Bxc6 {[%emt 0:04:02]} 23. Nxc6 {[%emt 0:00:04]} Qb6+ {[%emt 0:01:41]} 24. Bd4 {[%emt 0:00:15]} Qxc6 {[%emt 0:00:43]} 25. Rxc6 {[%emt 0:00:26]} Rxc6 {[%emt 0:00:04]} 26. Bxa7 {[%emt 0:01:31]} Rfc8 {[%emt 0:01:31]} 27. Rd1 {[%emt 0:01:39]} Rc3 {[%emt 0:02:09]} 28. Qb2 {[%emt 0:01:00]} Nf8 {[%emt 0:04:11]} 29. Kh1 {[%emt 0:02:50]} Ne6 {[%emt 0:03:07]} 30. Bc5 {[%emt 0:00:43]} 1-0

[Event "ESP-chT 2nd Division 2019"]
[Site "Linares"]
[Date "2019.08.20"]
[Round "3.33"]
[White "Guillermo Gonzalez, Alvaro"]
[Black "Garcia Castro, Pablo"]
[Result "0-1"]
[WhiteElo "1992"]
[BlackElo "2327"]
[Annotator "NA"]
[PlyCount "66"]
[EventDate "2019.08.19"]
[EventType "team-tourn"]
[EventCountry "ESP"]
[SourceTitle "playchess.com"]
[Source "ChessBase"]
[SourceQuality "1"]
[TimeControl "5400+30"]

1. e4 {[%emt 0:00:00]} e5 {[%emt 0:00:57]} 2. Nf3 {[%emt 0:00:00]} d6 {[%emt 0:00:04]} 3. d4 {[%emt 0:00:00]} exd4 {[%emt 0:00:05]} 4. Nxd4 {[%emt 0:00:00]} Nf6 {[%emt 0:00:07]} 5. Nc3 {[%emt 0:00:06]} Be7 {[%emt 0:00:11]} 6. Bf4 {[%emt 0:01:00]} O-O {[%emt 0:02:11]} 7. Qd2 {[%emt 0:00:32]} a6 {[%emt 0:07:28]} 8. O-O-O {[%emt 0:00:10]} b5 {[%emt 0:01:50]} 9. f3 {[%emt 0:00:52]} c5 {[%emt 0:03:48]} 10. Nf5 {[%emt 0:00:05]} Bxf5 {[%emt 0:00:22]} 11. exf5 {[%emt 0:00:07]} Nc6 {[%emt 0:00:05]} 12. g4 {[%emt 0:00:09]} Qa5 {[%emt 0:14:21]} 13. Kb1 {[%emt 0:02:56]} Rfd8 {[%emt 0:17:05]} 14. g5 {[%emt 0:20:59]} Nh5 {[%emt 0:02:59]} 15. Bh3 {[%emt 0:00:49]} Bf8 {[%emt 0:26:33]} 16. Bg4 {[%emt 0:05:26]} Nxf4 {[%emt 0:04:43]} 17. Qxf4 {[%emt 0:00:06]} d5 {[%emt 0:02:25]} 18. Rxd5 {[%emt 0:20:14]} b4 {[%emt 0:00:02]} 19. Rxd8 {[%emt 0:00:08]} Rxd8 {[%emt 0:00:02]} 20. Ne2 {[%emt 0:02:33]} Qb5 {[%emt 0:00:45]} 21. Nc1 {[%emt 0:07:43]} c4 {[%emt 0:02:30]} 22. Re1 {[%emt 0:04:55]} c3 {[%emt 0:05:15]} 23. b3 {[%emt 0:03:11]} Nd4 {[%emt 0:00:51]} 24. Qe4 {[%emt 0:05:34]} Qa5 {[%emt 0:00:44]} 25. a4 {[%emt 0:18:21]} bxa3 {[%emt 0:00:02]} 26. Ka2 {[%emt 0:00:10]} Nxc2 {[%emt 0:00:48]} 27. Qxc2 {[%emt 0:00:03]} Rd2 {[%emt 0:00:03]} 28. Re2 {[%emt 0:00:01]} Rxc2+ {[%emt 0:00:12]} 29. Rxc2 {[%emt 0:00:02]} Qd5 {[%emt 0:00:33]} 30. f4 {[%emt 0:01:08]} Bb4 {[%emt 0:01:12]} 31. h3 {[%emt 0:01:07]} a5 {[%emt 0:00:02]} 32. Ka1 {[%emt 0:01:13]} Qd4 {[%emt 0:00:16]} 33. Ka2 {[%emt 0:02:53]} Qxf4 {[%emt 0:00:08]} 0-1

[Event "ESP-chT 2nd Division 2019"]
[Site "Linares"]
[Date "2019.08.20"]
[Round "3.34"]
[White "Garcia Sobrino, David"]
[Black "Alvarez Alonso, Alberto"]
[Result "0-1"]
[WhiteElo "2195"]
[BlackElo "1986"]
[Annotator "NA"]
[PlyCount "99"]
[EventDate "2019.08.19"]
[EventType "team-tourn"]
[EventCountry "ESP"]
[SourceTitle "playchess.com"]
[Source "ChessBase"]
[SourceQuality "1"]
[TimeControl "5400+30"]

1. e4 {[%emt 0:00:00]} c6 {[%emt 0:00:00]} 2. Nc3 {[%emt 0:00:11]} d5 {[%emt 0:00:00]} 3. Nf3 {[%emt 0:00:04]} Bg4 {[%emt 0:00:00]} 4. d4 {[%emt 0:00:24]} dxe4 {[%emt 0:01:08]} 5. Nxe4 {[%emt 0:00:13]} Bxf3 {[%emt 0:01:36]} 6. Qxf3 {[%emt 0:00:05]} Qxd4 {[%emt 0:04:25]} 7. Be3 {[%emt 0:01:04]} Qxb2 {[%emt 0:09:34]} 8. Bc4 {[%emt 0:00:05]} Nf6 {[%emt 0:20:59]} 9. O-O {[%emt 0:03:18]} Nbd7 {[%emt 0:12:53]} 10. Rfd1 {[%emt 0:11:28]} Ne5 {[%emt 0:14:30]} 11. Qf5 {[%emt 0:03:40]} g6 {[%emt 0:03:07]} 12. Nxf6+ {[%emt 0:03:18]} exf6 {[%emt 0:00:05]} 13. Qxf6 {[%emt 0:00:50]} Bg7 {[%emt 0:00:33]} 14. Qh4 {[%emt 0:30:15]} O-O {[%emt 0:02:42]} 15. Rab1 {[%emt 0:05:02]} Qxc2 {[%emt 0:01:16]} 16. Rdc1 {[%emt 0:01:05]} Qf5 {[%emt 0:00:58]} 17. Rxb7 {[%emt 0:01:40]} Nxc4 {[%emt 0:01:18]} 18. Qxc4 {[%emt 0:00:42]} a5 {[%emt 0:03:08]} 19. Qxc6 {[%emt 0:09:16]} a4 {[%emt 0:02:48]} 20. h3 {[%emt 0:13:12]} a3 {[%emt 0:03:28]} 21. Rd1 {[%emt 0:02:07]} Rad8 {[%emt 0:02:47]} 22. Qa4 {[%emt 0:07:20]} Rxd1+ {[%emt 0:01:21]} 23. Qxd1 {[%emt 0:00:04]} Re8 {[%emt 0:03:43]} 24. Qa4 {[%emt 0:02:13]} Rd8 {[%emt 0:04:20]} 25. Qb3 {[%emt 0:02:08]} Bb2 {[%emt 0:02:02]} 26. g3 {[%emt 0:02:00]} Kg7 {[%emt 0:02:29]} 27. Kh2 {[%emt 0:00:26]} Qd5 {[%emt 0:01:18]} 28. Qxd5 {[%emt 0:00:56]} Rxd5 {[%emt 0:00:02]} 29. Rb3 {[%emt 0:00:43]} Kf6 {[%emt 0:00:50]} 30. Kg2 {[%emt 0:00:19]} Ke6 {[%emt 0:00:30]} 31. Kf3 {[%emt 0:00:20]} h5 {[%emt 0:00:57]} 32. Ke2 {[%emt 0:00:22]} Kf5 {[%emt 0:00:20]} 33. Rb4 {[%emt 0:00:28]} Ke6 {[%emt 0:00:47]} 34. Re4+ {[%emt 0:00:42]} Kf5 {[%emt 0:00:20]} 35. Re7 {[%emt 0:00:40]} Kf6 {[%emt 0:00:11]} 36. Ra7 {[%emt 0:00:19]} Ke6 {[%emt 0:00:15]} 37. Bd2 {[%emt 0:00:32]} Rd4 {[%emt 0:00:47]} 38. Be3 {[%emt 0:00:37]} Rd5 {[%emt 0:00:14]} 39. h4 {[%emt 0:00:11]} f6 {[%emt 0:00:32]} 40. Ra6+ {[%emt 0:00:39]} Kf5 {[%emt 0:00:14]} 41. Ra4 {[%emt 0:00:37]} g5 {[%emt 0:00:43]} 42. hxg5 {[%emt 0:00:18]} fxg5 {[%emt 0:00:01]} 43. Kf3 {[%emt 0:00:16]} g4+ {[%emt 0:00:58]} 44. Ke2 {[%emt 0:00:08]} Ke6 {[%emt 0:00:26]} 45. Ra6+ {[%emt 0:00:32]} Kf5 {[%emt 0:00:45]} 46. f3 {[%emt 0:01:01]} Be5 {[%emt 0:01:01]} 47. Rh6 {[%emt 0:00:26]} gxf3+ {[%emt 0:00:33]} 48. Kxf3 {[%emt 0:00:05]} Rb5 {[%emt 0:00:05]} 49. Rxh5+ {[%emt 0:00:22]} Ke6 {[%emt 0:00:37]} 50. Bf4 0-1